Elaboración de helados : (Registro nro. 63179)

Detalles MARC
000 -LEADER
campo de control de longitud fija 0226622 4a22003494504500
003 - IDENTIFICADOR DE NÚMERO DE CONTROL
campo de control PE-LiUPU
005 - FECHA Y HORA DE LA ÚLTIMA TRANSACCIÓN
campo de control 20251126155530.0
008 - DATOS DE LONGITUD FIJA--INFORMACIÓN GENERAL
campo de control de longitud fija 170000s2017 sp |||| |||| 000 0 spa d
020 ## - NÚMERO INTERNACIONAL ESTÁNDAR DEL LIBRO
Número Internacional Estándar del Libro 9788494689666
035 ## - NÚMERO DE CONTROL DEL SISTEMA
Número de control de sistema PE-LiUPU000003
040 ## - FUENTE DE CATALOGACIÓN
Centro catalogador/agencia de origen PE-LiUPU
Lengua de catalogación spa
Centro/agencia transcriptor PE-LiUPU
Normas de descripción rda
041 0# - CÓDIGO DE IDIOMA
Código de lengua del texto/banda sonora o título independiente spa
082 04 - NÚMERO DE LA CLASIFICACIÓN DECIMAL DEWEY
Número de clasificación 641.86
Cutter M183e
Número de edición 23
100 1# - ENTRADA PRINCIPAL--NOMBRE DE PERSONA
Nombre de persona Madrid Vicente, Antonio,
Término indicativo de función/relación autor.
9 (RLIN) 4832
245 10 - MENCIÓN DEL TÍTULO
Título Elaboración de helados :
Resto del título unidad formativa UF1283 del Certificado de Profesionalidad : con ejercicios prácticos resueltos /
Mención de responsabilidad, etc. Antonio Madrid.
250 ## - MENCION DE EDICION
Mención de edición Primera edición.
264 #1 - PRODUCCIÓN, PUBLICACIÓN, DISTRIBUCIÓN, FABRICACIÓN Y COPYRIGHT
Producción, publicación, distribución, fabricación y copyright Madrid :
Nombre del de productor, editor, distribuidor, fabricante AMV Ediciones,
Fecha de producción, publicación, distribución, fabricación o copyright 2017.
300 ## - DESCRIPCIÓN FÍSICA
Extensión 309 páginas :
Otras características físicas ilustraciones ;
Dimensiones 28 cm
336 ## - TIPO DE CONTENIDO
Término de tipo de contenido texto
Fuente rdacontent
337 ## - TIPO DE MEDIO
Nombre/término del tipo de medio sin mediación
Fuente rdamedia
338 ## - TIPO DE SOPORTE
Nombre/término del tipo de soporte volumen
Fuente rdacarrier
504 ## - NOTA DE BIBLIOGRAFÍA, ETC.
Nota de bibliografía, etc. Incluye bibliografía; contiene soluciones a los ejercicios prácticos.
505 0# - NOTA DE CONTENIDO CON FORMATO
Nota de contenido con formato Los helados: historia, tipos, ingredientes y valor nutritivo -- Materias primas y aditivos en la elaboración de helados -- Los aditivos en los helados -- Microbiología de los helados -- Fabricación de helados y fases del proceso -- Vitrinas frigoríficas y dispensadores de bebidas frías -- Envasado, extrusión y endurecimiento de los helados -- Limpieza y desinfección en fábricas de helados -- Mantenimiento de instalaciones -- Higiene y seguridad en el trabajo -- Formulación de helados -- Elaboración de horchata -- Elaboración del yogur y del helado de yogur -- Análisis químico de helados -- Reglamentación técnico-sanitaria sobre helados, yogur y horchatas -- Ejercicios prácticos con soluciones.
520 ## - RESUMEN, ETC.
Sumario, etc. Manual profesional sobre la fabricación de helados y productos afines. Explica materias primas, aditivos, procesos industriales y artesanales, higiene, mantenimiento, análisis químico y normativa, con numerosos ejercicios prácticos resueltos.
650 14 - PUNTO DE ACCESO ADICIONAL DE MATERIA--TÉRMINO DE MATERIA
Término de materia o nombre geográfico como elemento de entrada Fabricación de helados
9 (RLIN) 897
650 24 - PUNTO DE ACCESO ADICIONAL DE MATERIA--TÉRMINO DE MATERIA
Término de materia o nombre geográfico como elemento de entrada Industrias alimentarias
Subdivisión general Procesos técnicos.
9 (RLIN) 6932
650 24 - PUNTO DE ACCESO ADICIONAL DE MATERIA--TÉRMINO DE MATERIA
Término de materia o nombre geográfico como elemento de entrada Higiene de los alimentos
9 (RLIN) 6913
650 24 - PUNTO DE ACCESO ADICIONAL DE MATERIA--TÉRMINO DE MATERIA
Término de materia o nombre geográfico como elemento de entrada Seguridad alimentaria
9 (RLIN) 7679
856 40 - LOCALIZACIÓN Y ACCESO ELECTRÓNICOS
Identificador Uniforme de Recursos <a href="https://www.amvediciones.com">https://www.amvediciones.com</a>
Nota pública Sitio web de la editorial.
942 ## - ELEMENTOS DE ENTRADA SECUNDARIOS (KOHA)
Fuente del sistema de clasificación o colocación Clasificación Decimal Dewey
Tipo de ítem Koha Libros físicos
980 ## - EQUIVALENCIA O REFERENCIA-CRUZADA-MENCIÓN DE SERIE--NOMBRE DE PERSONA/TÍTULO [LOCAL, CANADÁ]
ID del usuario creador del registro 18228
Nombre del creador del registro Rebeca Esther Huerta Leyton
ID del último usuario que modificó el registro 18226
Nombre del último usuario que modificó el registro Jaime Vilcazán Jefe de Análisis Documental
Existencias
Visto por última vez Total de préstamos Signatura topográfica completa Código de barras Copia número Coste, precio de reemplazo Fecha de reemplazo Facultad Tipo de ítem Koha Estado de pérdida Fuente del sistema de clasificación o colocación Restricciones de uso No para préstamo Colección Programa académico Biblioteca de origen Biblioteca actual Ubicación en estantería Fecha de adquisición Fuente de adquisición Coste, precio normal de compra
2025-12-03   641.86 M183e 82912 e1 45.97 2025-11-25 FIA Libros físicos No Perdido Clasificación Decimal Dewey No restringido Disponible para préstamos Colección General Ingeniería de industrias alimentarias Biblioteca CRAI UPeU Lima Biblioteca CRAI UPeU Lima Sala principal 2025-11-25 COMPRA, J&X DISTRIBUIDORA 40.97